00460nam a2200133Ia 4500008004100000024004800041082001700089100008900106245002800195260002600223600002700249650003300276999001700309260210s9999 xx 000 0 und d a16B-027-EL, 16B-028-EL & 16B-041-EL a004.3092 MUH aMuhammad Rafay Taimoor, Muhammad Miftah Ul Haq Siddiqui & Shahzeb Ahmed Siddiqui 0aE-Waste PCB Dismantling aKarachi:bUITU,c2016 aElectronic Engineering aBachelor of Engineering (BE) c33260d33260